| 000 | 00499nab a2200145Ia 4500 | ||
|---|---|---|---|
| 003 | ES-SlBCS | ||
| 005 | 20230314153018.0 | ||
| 008 | 140529s1996 xxu||||| |||| 00| 0 spa d | ||
| 041 | _aspa | ||
| 100 | 1 |
_aCopeland, M. Shawn _9117581 |
|
| 245 | 0 | 0 |
_aLa diferencia como categoría en las teologías críticas por la liberación de las mujeres _c M. Shawn Copeland |
| 650 | 0 | 4 |
_aDiferencia Sexual-Teologías Críticas _9235323 |
| 773 | 0 |
_tConcilium _gnº. 263, 1996, págs. 195-208 _wRev134 |
|
| 942 | _cAR | ||
| 999 |
_c632249 _d632249 |
||